| 000 | 01932cam a22005054i 4500 | ||
|---|---|---|---|
| 003 | PE-LiUPU | ||
| 005 | 20250731184607.0 | ||
| 008 | 150616s r 000 0 d | ||
| 035 | _a(Sirsi) a7840 | ||
| 040 |
_aPE-LiUPU _bspa _cPE-LiUPU _erda |
||
| 049 | _aPRUA | ||
| 082 | 0 | 4 |
_a985 _bS55/N _221 |
| 100 | 1 |
_aSilva Sifuentes, Jorge E., _eautor. |
|
| 245 | 1 | 3 |
_aEl imperio de los cuatro suyos / _cJorge Silva Sifuentes. |
| 264 | 1 |
_aLima : _bCOFIDE, _c1995. |
|
| 300 |
_a265 páginas ; _c21 cm. |
||
| 336 |
_atext _2rdacontent |
||
| 337 |
_aunmediated _2rdamedia |
||
| 338 |
_avolume _2rdacarrier |
||
| 490 | 0 | _aNuestra Historia | |
| 504 | _aBibliografía al final de cada capítulo. | ||
| 505 | 0 | _aConsideraciones geográficas: Los Andes.- Origen de los Incas.- Cusco antes de los Incas.- La lucha por el trono: Huáscar y Atahualpa.- Organización sociopolítica y económica.- Cusco: sede del Imperio.- El Imperio Inca en perspectiva. | |
| 526 | _aP136 | ||
| 526 | _aP135 | ||
| 526 | _aP134 | ||
| 526 | _aP133 | ||
| 526 | _aP144 | ||
| 526 | _aP143 | ||
| 526 | _aP87 | ||
| 526 | _aP35 | ||
| 526 | _aP20 | ||
| 526 | _aP14 | ||
| 526 | _aP10 | ||
| 526 | _aP06 | ||
| 651 |
_aPerú _xHistoria _yEpoca Prehispánica - Incas _vAspectos económicos |
||
| 651 |
_aPerú _xHistoria _yEpoca Prehispánica - Incas _vAspectos religiosos |
||
| 651 |
_aPerú _xHistoria _yEpoca Prehispánica - Incas _vAspectos sociales. |
||
| 910 |
_ajck _bjvq _cjck |
||
| 942 |
_2ddc _cBOOK |
||
| 949 |
_a985 S55/N _wDEWEY _c1 _i41355 _lCCODEBUL1 _mBUL _p00.00 _r0 _sY _tBOOK _u19960606 _xEDUCACION _PP20 _0COMPRA _o.STAFF. Colección General |
||
| 994 |
_aC0 _bPEPRU |
||
| 596 | _a1 | ||
| 999 |
_a985 S55/N _wDEWEY _c59126 _i41355 _d59126 _e2016-8-25 _f2021-11-9 _g5 _lCCODEBUL1 _mBUL _n1 _q1 _r0 _sY _tBOOK _u2015-6-16 _xEDUCACION _PP20 _0COMPRA _o.STAFF. Colección General |
||
| 980 |
_81 _gALBERTO SANCHEZ Responsable de Automatización |
||